100 Largest Cities in Oceania - Statistics

General Stats
  • This quiz has been taken 55 times
  • The average score is 30 of 100
Answer Stats
Population Answer Country % Correct
4M Sydney Australia
100%
4M Melbourne Australia
98%
2M Brisbane Australia
96%
400K Auckland New Zealand
94%
400K Canberra Australia
94%
1M Perth Australia
94%
1M Adelaide Australia
92%
400K Wellington New Zealand
92%
400K Christchurch New Zealand
88%
600K Gold Coast Australia
88%
100K Suva Fiji
84%
100K Darwin Australia
82%
300K Port Moresby Papua New Guinea
82%
200K Hobart Australia
73%
200K Cairns Australia
69%
300K Newcastle Australia
69%
200K Hamilton New Zealand
65%
100K Dunedin New Zealand
61%
300K Wollongong Australia
61%
100K Honiara Solomon Islands
59%
40K Apia Samoa
55%
40K South Tarawa Kiribati
51%
200K Geelong Australia
49%
100K Nelson New Zealand
47%
40K Port Vila Vanuatu
47%
200K Townsville Australia
45%
100K Launceston Australia
43%
100K Ballarat Australia
41%
100K Bendigo Australia
41%
100K Lae Papua New Guinea
41%
100K Rockhampton Australia
41%
100K Palmerston North New Zealand
39%
100K Rotorua New Zealand
39%
100K Tauranga New Zealand
39%
100K Napier New Zealand
37%
100K Noumea New Caledonia
37%
40K Invercargill New Zealand
35%
40K Albury Australia
33%
40K Wagga Wagga Australia
33%
100K Whangarei New Zealand
33%
40K Nadi Fiji
31%
30K Albany Australia
29%
100K Lower Hutt New Zealand
29%
30K Gisborne New Zealand
27%
40K Saipan Northern Mariana Islands
27%
100K Toowoomba Australia
27%
40K Upper Hutt New Zealand
27%
100K Mackay Australia
24%
100K Bunbury Australia
22%
100K Bundaberg Australia
22%
30K Kalgoorlie Australia
22%
100K Lautoka Fiji
20%
100K Hastings New Zealand
18%
30K Dubbo Australia
16%
30K Mount Hagen Papua New Guinea
16%
40K Orange Australia
16%
100K Hervey Bay Australia
14%
40K New Plymouth New Zealand
14%
40K Queanbeyan Australia
14%
40K Shepparton Australia
14%
30K Warrnambool Australia
14%
30K Bathurst Australia
12%
100K Maitland Australia
12%
40K Melton Australia
12%
40K Port Macquarie Australia
12%
100K Rockingham Australia
12%
40K Tamworth Australia
12%
100K Porirua New Zealand
10%
30K Wodonga Australia
8%
40K Wanganui New Zealand
6%
40K Dededo Village Guam
4%
100K Mandurah Australia
4%
40K Arawa Papua New Guinea
2%
200K North Shore New Zealand
2%
30K Nowra Australia
2%
100K Adelaide Hills Australia
0%
100K Armadale Australia
0%
30K Bankstown Australia
0%
30K Baulkham Hills Australia
0%
40K Berwick Australia
0%
40K Blacktown Australia
0%
40K Caloundra Australia
0%
40K Castle Hill Australia
0%
30K Epping Australia
0%
30K Frankston Australia
0%
30K Frankston East Australia
0%
40K Hoppers Crossing Australia
0%
300K Logan City Australia
0%
100K Mangere New Zealand
0%
400K Manukau City New Zealand
0%
30K Mount Waverley Australia
0%
30K Pakenham South Australia
0%
30K Point Cook Australia
0%
40K Reservoir Australia
0%
30K Rowville Australia
0%
30K | 40K Saint Albans Australia
0%
100K South Brisbane Australia
0%
200K Waitakere New Zealand
0%
40K Werribee Australia
0%
No matching quizzes found
Score Distribution
Percent of People with Each Score
Percentile by Number Answered
Your Score History
You have not taken this quiz